000 01156nas a2200349 4500
001 BR8001269
003 BR-BrBNA
005 20231205084206.0
007 ta
008 230509b bl.|||p| |||| 00| 00por d
040 _aBR-BrBNA
_bpor
_cBiblioteca Nacional de Agricultura
041 _a(Pt)
072 _aH10
100 1 _aMariconi, F.A.M.
100 1 _aBrunelli Junior, H.C.
100 1 _aFagan, R.
100 1 _aMarconato, J.R.
100 1 _aTavares, S.
100 1 _aCarvalho, J.C.
100 1 _aOliveira Filho, J.C.
100 1 _aSouza Junior, C.L.
245 1 _aInibidores de formacao de quintina, inseticidas e acaricidas pulverizados contra o acaro Phyllocoptruta oleivora (Ashm., 1879)
246 1 _aChitin synthesis inhibitors, insecticides and acaricides sprayed against the citrus rust mite Phyllocoptruta oleivora (Ashm., 1879)
650 _aPraga de planta
650 _aAcaro
650 _aInseticida
650 _aAcaricida
650 _aControle quimico
773 0 _tSolo (Brazil)
_xISSN 0584-0821
_g(Jul 1979), v. 71(2) p. 23-28
_wBR8001269
909 _a202311
_bLúcia
_c55
_dLúcia Elande
942 _2AGRIS
_n0
_cANA
999 _c103697
_d103697